00434nam a2200133Ia 4500008004100000082001800041100001900059245005600078260002100134300001000155942001200165999001900177952010400196210430s9999 xx 000 0 und d a636.085 K451F aDr.Khan M.laiq aFundamentals of Animals Nutrition /cDr.Khan M.laiq aFaisalabadc2000 a118p. cBK2ddc c565594d565594 00102ddc4070aSCMEbSCMEcCARTd2012-01-16o636.085 K451FpSCME- D91r2021-04-30w2021-04-30yBK